000 00399nam a2200133 i 4500
001 49215
003 ES-MaACL
007 t|
008 030710s1882 sp ||||1| spa d
100 1 _aCortázar y Larrubia, Daniel de.
_940829
245 1 0 _aClasificación y colorido en los mapas geológicos /
_cDaniel de Cortázar y Larrubia.
260 _aMadrid :
_bTello,
_c1882.
852 _aES-MaACL
_jT-515-F-5
999 _c49215
_d49215